Algunos aspectos ecológicos de las especies ícticas más importantes en el embalse El Peñol-Guatapé (Registro nro. 15397)

Detalles MARC
000 -CABECERA
Campo de control 004990000a22001330004500
090 ## - CLASIFICACIÓN LOCAL
Colección AS
Consecutivo Seriadas
041 0# - IDIOMA
Código de idioma para texto/pista de sonido o título separado
100 1# - ASIENTO PRINCIPAL--NOMBRE PERSONAL
Nombre personal Palacio, Jaime
245 10 - MENCION DE TITULO
Título Algunos aspectos ecológicos de las especies ícticas más importantes en el embalse El Peñol-Guatapé
246 3# - FORMA VARIANTE DEL TITULO
Título propiamente dicho/forma breve del título Some ecological aspects of more important ichthyc species in El Peñol reservoir-Guatapé
700 1# - ASIENTO SECUNDARIO - NOMBRE PERSONAL
Nombre personal Plazas, Estella
773 1# - Item fuente:
Título Actualidades Biológicas
Descripción física 68
Paginas del Articulo 13-20
Lugar, editorial y fecha de publicación 1998
Información sobre la relación 20
942 ## - ELEMENTOS ADICIONALES (KOHA)
Tipo de ítem Artículo

No hay ítems disponibles.